| 000 | 00610nam a22002057a 4500 | ||
|---|---|---|---|
| 999 |
_c8241 _d8241 |
||
| 003 | AR-CdUCM | ||
| 008 | 190322b ||||| |||| 00| 0 spa d | ||
| 040 |
_aMUNICIPALIDAD PROVINCIAL DEL CUSCO _cBIBLIOTECA MUNICIPAL DEL CUSCO |
||
| 082 |
_a869.56 / _bN56 |
||
| 100 |
_aNieto, Luis _911864 |
||
| 245 |
_aCharango : _bromancero cholo / |
||
| 260 |
_aCuzco : _bH. G. Rozas, Sucs, _c1943. |
||
| 300 |
_a73 páginas ; _c16.5 cm. |
||
| 500 | _aDonación familia Nieto. | ||
| 650 |
_aPoesías peruanas _91481 |
||
| 650 |
_aSiglo XX _98 |
||
| 650 |
_aRomances peruanos _913519 |
||
| 942 |
_2ddc _cLIBROS |
||
| 945 | _azta | ||